Příprava a rozvoj manažerů u koncernu Siemens AG

Zásady a skúsenosti nemeckého koncernu Siemens AG s prípravou a rozvojom manažérov. Požiadavky na kvalifikáciu riadiaceho pracovníka. Správny riadiaci štýl, ktorý je vytváraný podnikovou kultúrou, pružnou organizačnou štruktúrou a inovačnými stratégiami. Zásady výchovy manažérov.

Na minha lista:
Detalhes bibliográficos
Autor principal: Stýblo, Jiří
Formato: Capítulo de Livro
Idioma:tcheco
Assuntos:
Tags: Adicionar Tag
Sem tags, seja o primeiro a adicionar uma tag!

MARC

LEADER 00000naa a2200000 4500
001 r026577
005 20230922084515.5
041 0 |a cze 
044 |a CZ 
245 1 0 |a Příprava a rozvoj manažerů u koncernu Siemens AG  |c Jiří Stýblo 
520 |a Zásady a skúsenosti nemeckého koncernu Siemens AG s prípravou a rozvojom manažérov. Požiadavky na kvalifikáciu riadiaceho pracovníka. Správny riadiaci štýl, ktorý je vytváraný podnikovou kultúrou, pružnou organizačnou štruktúrou a inovačnými stratégiami. Zásady výchovy manažérov. 
610 2 0 |a manažéri 
610 2 0 |a výchova 
610 2 0 |a kvalifikácia 
610 2 0 |a manažment 
610 2 0 |a štýl pracovný 
610 2 0 |a úspech pracovný 
610 2 0 |a Siemens 
100 1 |a Stýblo, Jiří